"La migración de los padres y madres, y su incidencia en la modificación del comportamiento psicosocial, en los estudiantes de 14 a 18 años, del Instituto Nacional de Apastepeque (INAP) del municipio de Apastepeque departamento de San Vicente, en el periodo comprendido de julio 2010 a febrero 2011" (Registro nro. 10216)

Detalles MARC
000 -LEADER
fixed length control field 00900nam a2200193Ia 4500
005 - FECHA Y HORA DE LA ÚLTIMA TRANSACCIÓN
control field 20231217105344.0
008 - FIXED-LENGTH DATA ELEMENTS--GENERAL INFORMATION
fixed length control field 231216s9999 xx 000 0 und d
040 ## - CATALOGING SOURCE
Original cataloging agency UPAN
Transcribing agency Biblioteca San Vicente
Description conventions RCAA2
041 ## - LANGUAGE CODE
Language code of text/sound track or separate title spa
082 ## - DEWEY DECIMAL CLASSIFICATION NUMBER
Classification number 304.83
Item number And
año de publicación 2011
100 ## - MAIN ENTRY--PERSONAL NAME
Personal name Andrade Cornejo, Brenda Concepción
Relator code aut.
245 #0 - TITLE STATEMENT
Title "La migración de los padres y madres, y su incidencia en la modificación del comportamiento psicosocial, en los estudiantes de 14 a 18 años, del Instituto Nacional de Apastepeque (INAP) del municipio de Apastepeque departamento de San Vicente, en el periodo comprendido de julio 2010 a febrero 2011"
260 ## - PUBLICATION, DISTRIBUTION, ETC. (IMPRINT)
Place of publication, distribution, etc San Vicente:
Name of publisher, distributor, etc Universidad Panamericana,
Date of publication, distribution, etc 2011
300 ## - PHYSICAL DESCRIPTION
Extent 132 p.;
Dimensions 28 cm.
650 ## - SUBJECT ADDED ENTRY--TOPICAL TERM
Source of heading or term LEMB
Topical term or geographic name as entry element Migración
General subdivision comportamiento
700 ## - ADDED ENTRY--PERSONAL NAME
Personal name Ramos Arita, Emely Yamileth;
Relator code aut.
700 ## - ADDED ENTRY--PERSONAL NAME
Personal name Rodríguez Arévalo, Carmen Maria.
Relator code aut.
942 ## - ADDED ENTRY ELEMENTS (KOHA)
Koha item type Libros
Source of classification or shelving scheme Dewey Decimal Classification
Existencias
Withdrawn status Lost status Source of classification or shelving scheme Damaged status Not for loan Collection code Home library Current library Date acquired Total Checkouts Full call number Barcode Date last seen Copy number Price effective from Koha item type
    Dewey Decimal Classification     Tesario Biblioteca UPAN San Vicente Biblioteca UPAN San Vicente 17/12/2023   304.83 And 12101029 17/12/2023 01 17/12/2023 Trabajos de Grado